01760cam a22004334i 4500003000900000005001700009008004100026020001500067020001800082035002700100040003300127082002100160100003100181240004000212245018400252250001900436264007600455300006100531336002100592337002500613338002300638504004000661504003500701505035800736526001001094526001001104526001001114526001001124526000801134526000801142526000801150526000801158526000801166526000801174526000801182546003201190630005601222700004801278PE-LiUPU20250731172830.0141029s2014 miuaf b 001 0 eng  a0802866808 a9780802866806 a(Sirsi) i9780802866806 aPE-LiUPUbspacPE-LiUPUerda00a221.446bW952231 aWürthwein, Ernst,d1909-10aText des Alten Testaments.lEnglish14aThe text of the Old Testament :ban introduction to the Biblia Hebraica /cErnst Würthwein ; revisado y expandido en Alexander Achilles Fischer ; traducido por Erroll F. Rhodes. aThird edition. 1aGrand Rapids, Michigan :bWilliam B. Eerdmans Publishing Company,c2014 avii, 343 páginas :bilustraciones. ;c23 centímetros atext2rdacontent aunmediated2rdamedia avolume2rdacarrier aBibliografía : páginas 305-320. aÍndices : páginas 326-343.0 aA. The Hebrew text of the Bible. Language, script, and writing materials -- The Masoretic text -- The Qumran scrolls -- The Samaritan text -- B. The ancient translations. The Septuagint -- Other translations -- C. Textual criticism. The goal and task of textual criticism -- Textual corruptions, changes, and variants -- The method of textual criticism. aSEG42 aSEG41 aSEG40 aSEG39 aP94 aP87 aP86 aP85 aP77 aP76 aP35 aTranslated from the German.00aBiblia.P Antiguo Testamento.x Crítica, Pruebas.1 aFischer, Alexander A.q(Alexander Achilles)